Kế toán quản trị

Nội dung quyển sách gồm các tóm tắt lý thuyết, ví dụ và bài tập của từng chương, theo đúng thứ tự và nội dung môn học kế toán quản trị, các bài tập trắc nghiệm. Bài giải của các bài tập về keestoasn quản trị....

Descripció completa

Guardat en:
Dades bibliogràfiques
Autor principal: Bùi, Văn Trường
Format: Llibre
Idioma:Undetermined
Publicat: Hà Nội Lao động Xã hội 2008
Matèries:
Etiquetes: Afegir etiqueta
Sense etiquetes, Sigues el primer a etiquetar aquest registre!
Thư viện lưu trữ: Trung tâm Học liệu Trường Đại học Cần Thơ
LEADER 00925nam a2200205Ia 4500
001 CTU_142276
008 210402s9999 xx 000 0 und d
020 |c 45500 
082 |a 658.1511 
082 |b Tr561 
100 |a Bùi, Văn Trường 
245 0 |a Kế toán quản trị 
245 0 |c Bùi Văn Trường 
260 |a Hà Nội 
260 |b Lao động Xã hội 
260 |c 2008 
520 |a Nội dung quyển sách gồm các tóm tắt lý thuyết, ví dụ và bài tập của từng chương, theo đúng thứ tự và nội dung môn học kế toán quản trị, các bài tập trắc nghiệm. Bài giải của các bài tập về keestoasn quản trị. 
650 |a Financial statements,Managerial accounting,Kế toán quản trị 
904 |i Năm 
980 |a Trung tâm Học liệu Trường Đại học Cần Thơ